000 00537nam a2200169Ia 4500
008 100406t1997 xxu||||| |||| 00| 0 sin d
041 _asin
080 _a82W1
_bWIC
100 _aWickramasingha, Martin
245 _aමාර්ටින් වික්‍රමසිංහ කෘති එකතුව 10
246 _aMartin Wickramasingha Complete Works 10 ( LIB / 63 / 6 / 25 )
260 _bThisara
_aDehiwala
_c1997
300 _a672p., 21 cm
942 _cBK
999 _c71219
_d71219
003 LK-CoDNM
040 _aLK-CoDNM
_dLK-CoDNM
_eLK-CoDNM